| 000 | 00368 a2200121 4500 | ||
|---|---|---|---|
| 001 | ART_41248 | ||
| 005 | 20260410161754.0 | ||
| 008 | 260409a | ||
| 245 | 1 | 0 | _aModificaciones a la ley de impuesto a las ganancias |
| 100 | 1 | _aDreiling, Paola E. | |
| 700 | 1 | _aRolando, Félix José | |
| 773 | 0 |
_tDoctrina tributaria _g- Nº 444 (mar. 2017) _wREV4296 |
|
| 999 |
_c19955 _d19955 |
||